Страны, для поездки в которые россиянам не нужна виза (2025) - Statistics

General Stats
  • This quiz has been taken 56 times
  • The average score is 53 of 85
Answer Stats
Страна % Correct
Беларусь
97%
Китай
94%
Казахстан
88%
Таджикистан
88%
Турция
88%
Азербайджан
85%
Армения
85%
Грузия
82%
Монголия
82%
Узбекистан
82%
Бразилия
79%
Объединённые Арабские Эмираты
79%
Иран
76%
Катар
76%
Перу
76%
Чили
76%
Аргентина
73%
Вьетнам
73%
Египет
73%
Индонезия
73%
Колумбия
73%
Малайзия
73%
Сербия
73%
Камбоджа
70%
Непал
70%
Южно-Африканская Республика
70%
Бахрейн
67%
Боливия
67%
Куба
67%
Лаос
67%
Оман
67%
Парагвай
67%
Таиланд
67%
Уругвай
67%
Босния и Герцеговина
64%
Ботсвана
64%
Доминика
64%
Израиль
64%
Иордания
64%
Кыргызстан
64%
Мальдивы
64%
Марокко
64%
Мексика
64%
Фиджи
64%
Шри-Ланка
64%
Молдова
61%
Сальвадор
61%
Сейшельские острова
61%
Сингапур
61%
Филиппины
61%
Ямайка
61%
Кения
58%
Тонга
58%
Черногория
58%
Эквадор
58%
Вануату
55%
Доминиканская Республика
55%
Коста-Рика
55%
Мадагаскар
55%
Науру
55%
Никарагуа
55%
Суринам
55%
Танзания
55%
Тунис
55%
Гватемала
52%
Намибия
52%
Палау
52%
Панама
52%
Сенегал
52%
Уганда
52%
Антигуа и Барбуда
48%
Самоа
48%
Того
48%
Барбадос
45%
Маврикий
45%
Мозамбик
45%
Багамские острова
42%
Папуа-Новая Гвинея
42%
Сьерра-Леоне
42%
Тринидад и Тобаго
42%
Гренада
39%
Сент-Винсент и Гренадины
39%
Габон
36%
Республика Корея
36%
Сент-Китс и Невис
30%
No matching quizzes found
Score Distribution
Percent of People with Each Score
Percentile by Number Answered
Your Score History
You have not taken this quiz